[Event "10th Lost Boys op"]
[Site "Amsterdam NED"]
[Date "2002.07.29"]
[Round "4.7"]
[White "Van Blitterswijk, Stefan"]
[Black "Halkias, Stelios"]
[Result "1-0"]
[WhiteElo "2394"]
[BlackElo "2550"]
[EventDate "2002.07.26"]
[PlyCount "81"]

1.e4 c5 2.Nf3 Nc6 3.d4 cxd4 4.Nxd4 Nf6 5.Nc3 e5 6.Ndb5 d6 7.Bg5 a6 8.Na3 
b5 9.Bxf6 gxf6 10.Nd5 Bg7 11.Bd3 Ne7 12.Nxe7 Qxe7 13.c3 f5 14.O-O O-O 15.
Nc2 f4 16.Nb4 Qg5 17.Be2 Bf6 18.Bf3 a5 19.Nd5 Rb8 20.b4 axb4 21.cxb4 Bd7 
22.Bg4 Bc6 23.Bf5 Bd8 24.Rc1 Ba8 25.Rc3 Kh8 26.Rh3 h6 27.Rh5 Qg7 28.Kh1 
Rg8 29.g4 Qf8 30.Qd3 Rg5 31.Rh3 Kg8 32.Rc1 Kg7 33.Rxh6 Bxd5 34.Rh7+ Kg8 
35.exd5 Qe7 36.Qh3 Qf6 37.Rh6 Qg7 38.Rxd6 e4 39.Rd7 Bb6 40.Rb7 Rxb7 41.
Rc8+ 1-0

[Event "10th Lost Boys op"]
[Site "Amsterdam NED"]
[Date "2002.07.29"]
[Round "4.8"]
[White "Smeets, Jan"]
[Black "Conquest, Stuart"]
[Result "1/2-1/2"]
[WhiteElo "2392"]
[BlackElo "2542"]
[EventDate "2002.07.26"]
[PlyCount "120"]

1.e4 c6 2.d4 g6 3.Nc3 d5 4.Nf3 Bg4 5.h3 Bxf3 6.Qxf3 e6 7.Bd3 Bg7 8.exd5 
cxd5 9.Ne2 Nc6 10.c3 Nge7 11.h4 h6 12.Bd2 a6 13.Qg3 h5 14.O-O Qd7 15.Rfe1 
O-O 16.Nf4 e5 17.dxe5 Nxe5 18.Rad1 Rad8 19.Bc2 Ng4 20.Bc1 Rfe8 21.Bb3 Nf5 
22.Rxe8+ Qxe8 23.Qd3 Nxh4 24.Nxd5 Kh7 25.Bf4 Ne5 26.Qh3 Nf5 27.Bc2 Qb5 28.
Ne3 Rxd1+ 29.Bxd1 Nd3 30.Bb8 Qxb2 31.Nxf5 Qxf2+ 32.Kh2 Qxf5 33.Qxf5 gxf5 
34.Bxh5 Be5+ 35.Bxe5 Nxe5 36.Kg3 Kg7 37.Kf4 Kf6 38.Be2 a5 39.Ke3 Nc6 40.
Kd3 Ke5 41.Kc4 Kd6 42.Kb5 Ne5 43.Kb6 Nd7+ 44.Kxb7 Nc5+ 45.Kb6 Na4+ 46.Kxa5
Nxc3 47.Bc4 Kc5 48.Bxf7 Ne2 49.Bh5 Nd4 50.Bg6 f4 51.Be4 Kc4 52.a4 Nb3+ 53.
Kb6 Kb4 54.Kc7 Nd2 55.Bc6 Nc4 56.Bb5 Ne3 57.Kb6 Nd5+ 58.Ka6 Nc7+ 59.Kb6 
Nd5+ 60.Kc6 Ne3 1/2-1/2

[Event "10th Lost Boys op"]
[Site "Amsterdam NED"]
[Date "2002.07.29"]
[Round "4.9"]
[White "Vidarsson, Jon Gardar"]
[Black "Van der Wiel, John"]
[Result "1/2-1/2"]
[WhiteElo "2378"]
[BlackElo "2506"]
[EventDate "2002.07.26"]
[PlyCount "36"]

1.e4 c5 2.Nf3 d6 3.Bc4 Nf6 4.d3 e6 5.O-O Be7 6.Bb3 b5 7.c3 Bb7 8.Re1 Nbd7 
9.Nbd2 Ne5 10.Qe2 a6 11.Bc2 Qc7 12.Nf1 O-O 13.Ng5 h6 14.Nh3 Ng6 15.Ng3 
Rfe8 16.Nf4 Nxf4 17.Bxf4 Rac8 18.Rad1 Qc6 1/2-1/2

[Event "10th Lost Boys op"]
[Site "Amsterdam NED"]
[Date "2002.07.29"]
[Round "4.10"]
[White "De Vreugt, Dennis"]
[Black "Jens, Jelmer"]
[Result "1-0"]
[WhiteElo "2477"]
[BlackElo "2369"]
[EventDate "2002.07.26"]
[PlyCount "63"]

1.e4 c5 2.Nf3 d6 3.d4 cxd4 4.Nxd4 Nf6 5.Nc3 a6 6.Be3 e6 7.f4 b5 8.Qf3 Bb7 
9.Bd3 Nbd7 10.a3 Rc8 11.O-O Be7 12.Rae1 O-O 13.g4 Nc5 14.g5 Nfd7 15.h4 g6 
16.Qh3 Re8 17.f5 exf5 18.exf5 Ne5 19.Re2 d5 20.fxg6 hxg6 21.h5 Qd7 22.Nf5 
gxf5 23.Bxf5 Qc7 24.Bd4 Ne4 25.g6 Bf6 26.Bxe4 dxe4 27.Rxf6 Nf3+ 28.Kf1 Re7
29.Rg2 Qc4+ 30.Ne2 Nxd4 31.gxf7+ Kh7 32.Qe3 1-0

[Event "10th Lost Boys op"]
[Site "Amsterdam NED"]
[Date "2002.07.29"]
[Round "4.11"]
[White "Handke, Florian"]
[Black "Rebers, Eugene"]
[Result "1-0"]
[WhiteElo "2471"]
[BlackElo "2351"]
[EventDate "2002.07.26"]
[PlyCount "57"]

1.e4 d6 2.d4 Nf6 3.Bd3 e5 4.c3 d5 5.dxe5 Nxe4 6.Nf3 Nc6 7.Nbd2 Nc5 8.Bb5 
Bd7 9.Qe2 a6 10.Bxc6 Bxc6 11.Nd4 Bd7 12.O-O Ne6 13.Nxe6 Bxe6 14.f4 Qd7 15.
Nb3 c5 16.Qf2 c4 17.Nd4 Bf5 18.Nxf5 Qxf5 19.Be3 O-O-O 20.b3 h5 21.Rfd1 Be7
22.Rab1 Rh6 23.Bc5 Bxc5 24.Qxc5+ Rc6 25.Qa7 Qe4 26.bxc4 Rc7 27.Qa8+ Kd7 
28.Rxd5+ Ke6 29.f5+ 1-0

[Event "10th Lost Boys op"]
[Site "Amsterdam NED"]
[Date "2002.07.29"]
[Round "4.12"]
[White "Erwich, Marc"]
[Black "Ernst, Sipke"]
[Result "1/2-1/2"]
[WhiteElo "2376"]
[BlackElo "2469"]
[EventDate "2002.07.26"]
[PlyCount "65"]

1.e4 e5 2.Nf3 Nc6 3.d4 exd4 4.Nxd4 Nf6 5.Nxc6 bxc6 6.e5 Qe7 7.Qe2 Nd5 8.c4
Nb6 9.g3 g6 10.b3 Bg7 11.f4 Bb7 12.Bg2 O-O-O 13.Ba3 Qe6 14.Bb2 d6 15.O-O 
dxe5 16.Nd2 Rhe8 17.Nf3 Nd7 18.fxe5 Nxe5 19.Nxe5 Bxe5 20.Qxe5 Qxe5 21.Bxe5
Rxe5 22.Rxf7 c5 23.Raf1 Bxg2 24.Kxg2 h5 25.R1f2 Rd6 26.Rg7 g5 27.Rf8+ Kb7 
28.Rff7 Kb6 29.Rxc7 Rd2+ 30.Kf3 a6 31.Ra7 Rd3+ 32.Kf2 Rd2+ 33.Kf3 1/2-1/2

[Event "10th Lost Boys op"]
[Site "Amsterdam NED"]
[Date "2002.07.29"]
[Round "4.15"]
[White "Krnic, Zdenko"]
[Black "Vesterbaek Pedersen, Nicolai"]
[Result "0-1"]
[WhiteElo "2365"]
[BlackElo "2458"]
[EventDate "2002.07.26"]
[PlyCount "92"]

1.Nf3 Nf6 2.c4 e6 3.g3 d5 4.b3 c5 5.Bg2 Be7 6.O-O Nc6 7.Bb2 d4 8.d3 O-O 9.
e4 e5 10.Nh4 g6 11.Bc1 Ne8 12.Bh6 Ng7 13.Nf3 a6 14.Nbd2 Be6 15.Ne1 Qd7 16.
f4 exf4 17.gxf4 f5 18.e5 Nd8 19.Nef3 Nf7 20.Bg5 h6 21.Bxe7 Qxe7 22.b4 b6 
23.Qe1 g5 24.bxc5 bxc5 25.Nb3 Rac8 26.Nc1 Nh5 27.Ne2 Bd7 28.Rb1 gxf4 29.
Nxf4 Nxf4 30.Qg3+ Qg5 31.Nxg5 Ne2+ 32.Kf2 Nxg3 33.Nxf7 Nxf1 34.Nd6 Nxh2 
35.Bd5+ Kh8 36.Nxc8 Ng4+ 37.Kg3 Bxc8 38.e6 Ne5 39.Re1 Ng6 40.Bc6 Ne7 41.
Bd7 f4+ 42.Kf3 Rd8 43.Re5 Bxd7 44.exd7 Rxd7 45.Rxc5 Kg7 46.Kxf4 Ng6+ 0-1

[Event "10th Lost Boys op"]
[Site "Amsterdam NED"]
[Date "2002.07.29"]
[Round "4.16"]
[White "Kritz, Leonid"]
[Black "Vedder, Richard"]
[Result "1-0"]
[WhiteElo "2454"]
[BlackElo "2232"]
[EventDate "2002.07.26"]
[PlyCount "95"]

1.e4 e5 2.Nf3 Nf6 3.Nxe5 d6 4.Nf3 Nxe4 5.d4 d5 6.Bd3 Be7 7.O-O Nc6 8.c4 
Nb4 9.Be2 dxc4 10.Bxc4 O-O 11.a3 Nd5 12.Qc2 Nef6 13.Re1 c6 14.Nc3 Bg4 15.
Ne5 Be6 16.Bg5 Nc7 17.Bd3 h6 18.Bxf6 Bxf6 19.Rad1 Bd5 20.Qe2 Bxe5 21.dxe5 
Qg5 22.Nxd5 Nxd5 23.Qe4 g6 24.g3 Rae8 25.h4 Qh5 26.Bc4 Nb6 27.Bb3 Re7 28.
Rd6 Kg7 29.Qf4 Qf5 30.Qxf5 gxf5 31.f4 Rd7 32.Rxd7 Nxd7 33.Bc2 Nb6 34.Bxf5 
Nc4 35.Re2 Rd8 36.Kf2 b5 37.e6 fxe6 38.Bxe6 Nd2 39.g4 c5 40.Bf5 a5 41.Re5 
Nb3 42.g5 hxg5 43.fxg5 Rd2+ 44.Kg3 Nd4 45.Be4 Rxb2 46.h5 b4 47.h6+ Kf8 48.
h7 1-0

[Event "10th Lost Boys op"]
[Site "Amsterdam NED"]
[Date "2002.07.29"]
[Round "4.17"]
[White "Daly, Colm"]
[Black "Bosboom, Manuel"]
[Result "0-1"]
[WhiteElo "2338"]
[BlackElo "2451"]
[EventDate "2002.07.26"]
[PlyCount "46"]

1.Nf3 d6 2.c4 e5 3.Nc3 f5 4.d3 Nf6 5.Rb1 Be7 6.Bg5 O-O 7.g3 Qe8 8.Bg2 Qh5 
9.Bxf6 Bxf6 10.O-O a5 11.a3 Nd7 12.Nd2 c6 13.b4 axb4 14.axb4 e4 15.Qc2 
exd3 16.exd3 f4 17.Qd1 Qxd1 18.Nxd1 Ra2 19.Ne4 Ne5 20.Nxd6 f3 21.Bh1 Bh3 
22.Re1 Nxd3 23.Re3 Nxf2 0-1

[Event "10th Lost Boys op"]
[Site "Amsterdam NED"]
[Date "2002.07.29"]
[Round "4.18"]
[White "Solleveld, Maarten"]
[Black "Salakhutdinov, Ildar"]
[Result "1-0"]
[WhiteElo "2451"]
[BlackElo "2238"]
[EventDate "2002.07.26"]
[PlyCount "73"]

1.e4 e6 2.d4 d5 3.Nc3 Bb4 4.e5 c5 5.a3 Bxc3+ 6.bxc3 Ne7 7.Qg4 O-O 8.Bd3 
Nbc6 9.Qh5 Ng6 10.Nf3 Qc7 11.Be3 c4 12.Bxg6 fxg6 13.Qg4 Qf7 14.Ng5 Qf5 15.
Qe2 Re8 16.g4 Qf8 17.h4 h6 18.Nh3 Bd7 19.Nf4 Qf7 20.h5 g5 21.Nh3 Ne7 22.f4
gxf4 23.Nxf4 Rf8 24.Kd2 Qe8 25.Rag1 Kh7 26.Rh2 Rc8 27.g5 Nf5 28.Ng6 Rf7 
29.Nh4 hxg5 30.Rxg5 Qe7 31.Ng6 Qe8 32.h6 Nxh6 33.Rgh5 Rf5 34.Rxh6+ gxh6 
35.Rxh6+ Kg7 36.Qg4 Rf7 37.Ne7+ 1-0

[Event "10th Lost Boys op"]
[Site "Amsterdam NED"]
[Date "2002.07.29"]
[Round "4.19"]
[White "Konings, Leon"]
[Black "Werle, Jan"]
[Result "0-1"]
[WhiteElo "2318"]
[BlackElo "2443"]
[EventDate "2002.07.26"]
[PlyCount "54"]

1.e4 e6 2.d4 d5 3.Nc3 Bb4 4.Ne2 dxe4 5.a3 Be7 6.Nxe4 Nf6 7.Qd3 Nbd7 8.Bf4 
Nxe4 9.Qxe4 Nf6 10.Qf3 O-O 11.Be5 Bd7 12.Nf4 Bc6 13.Qh3 Be4 14.c3 c5 15.f3
Bg6 16.Nxg6 hxg6 17.Qg3 cxd4 18.Bxd4 e5 19.Qxe5 Bd6 20.Qb5 Re8+ 21.Kf2 a6 
22.Qb3 Nh5 23.Bc4 Qh4+ 24.Kg1 Re1+ 25.Rxe1 Qxe1+ 26.Bf1 Re8 27.Bf2 Qxf2+ 
0-1

[Event "10th Lost Boys op"]
[Site "Amsterdam NED"]
[Date "2002.07.29"]
[Round "4.20"]
[White "Piceu, Tom"]
[Black "l`Ami, Erwin"]
[Result "1-0"]
[WhiteElo "2173"]
[BlackElo "2438"]
[EventDate "2002.07.26"]
[PlyCount "47"]

1.d4 Nf6 2.c4 g6 3.Nc3 d5 4.Nf3 Bg7 5.Qb3 dxc4 6.Qxc4 O-O 7.e4 a6 8.e5 b5 
9.Qb3 Nfd7 10.h4 c5 11.e6 c4 12.Qd1 Nb6 13.exf7+ Rxf7 14.h5 Nc6 15.hxg6 
hxg6 16.Be3 Bf5 17.Ng5 Rf6 18.g4 Be6 19.Bg2 Nb4 20.Nxe6 Rxe6 21.O-O N4d5 
22.Qf3 Nxe3 23.fxe3 Rxe3 24.Qxe3 1-0

[Event "10th Lost Boys op"]
[Site "Amsterdam NED"]
[Date "2002.07.29"]
[Round "4.21"]
[White "Lobron, Eric"]
[Black "Van Delft, Merijn"]
[Result "1-0"]
[WhiteElo "2500"]
[BlackElo "2340"]
[EventDate "2002.07.26"]
[PlyCount "37"]

1.Nf3 Nf6 2.g3 g6 3.b3 Bg7 4.Bb2 O-O 5.Bg2 d6 6.d4 e5 7.dxe5 Nfd7 8.Nc3 
dxe5 9.e4 a5 10.O-O Nc6 11.Qe2 b6 12.Rfd1 Nd4 13.Nxd4 exd4 14.Nb5 c5 15.c3
dxc3 16.Bxc3 Bxc3 17.Nxc3 Ba6 18.Qe3 Ra7 19.Rd6 1-0

[Event "10th Lost Boys op"]
[Site "Amsterdam NED"]
[Date "2002.07.29"]
[Round "4.22"]
[White "Spaan, Martijn Tigran"]
[Black "Jonkman, Harmen"]
[Result "1/2-1/2"]
[WhiteElo "2311"]
[BlackElo "2497"]
[EventDate "2002.07.26"]
[PlyCount "132"]

1.e4 e5 2.Nf3 Nc6 3.Bc4 Nf6 4.d4 exd4 5.e5 Ne4 6.O-O d5 7.exd6 Nxd6 8.Bd5 
Nf5 9.Bxc6+ bxc6 10.Re1+ Be7 11.g4 Nd6 12.Nxd4 Nb5 13.Nxb5 Qxd1 14.Nxc7+ 
Kd7 15.Rxd1+ Kxc7 16.Bf4+ Kb7 17.h3 h5 18.f3 hxg4 19.hxg4 f5 20.g5 Rh4 21.
Bg3 Rb4 22.Bd6 Bxd6 23.Rxd6 Rxb2 24.Na3 Ka6 25.Rxc6+ Rb6 26.Rxb6+ axb6 27.
Re1 Ra7 28.Kf2 Rc7 29.Re5 f4 30.c4 g6 31.Ke2 Bf5 32.Kd2 Rd7+ 33.Rd5 Rh7 
34.Nb5 Rh2+ 35.Kc3 Rxa2 36.Nd4 Rf2 37.Rd6 Kb7 38.Nxf5 gxf5 39.Kd4 Rxf3 40.
Ke5 Rf1 41.Rd4 f3 42.Rf4 Kc6 43.Kf6 Kc5 44.g6 f2 45.g7 Rg1 46.Rxf2 Kxc4 
47.Rf4+ Kc3 48.Rxf5 Rxg7 49.Kxg7 Kc4 50.Kf6 b5 51.Ke5 b4 52.Rf4+ Kc3 53.
Kd5 b3 54.Rf3+ Kc2 55.Kc4 b2 56.Rf2+ Kc1 57.Kc3 b1=N+ 58.Kd3 Na3 59.Ra2 
Nb1 60.Rc2+ Kd1 61.Rc5 Na3 62.Ra5 Nb1 63.Ra1 Kc1 64.Ra2 Kd1 65.Rb2 Kc1 66.
Rb3 Nd2 1/2-1/2

[Event "10th Lost Boys op"]
[Site "Amsterdam NED"]
[Date "2002.07.29"]
[Round "4.23"]
[White "Stellwagen, Daniel"]
[Black "De Heer, Machiel"]
[Result "1/2-1/2"]
[WhiteElo "2464"]
[BlackElo "2293"]
[EventDate "2002.07.26"]
[PlyCount "83"]

1.e4 e5 2.Nf3 d6 3.d4 exd4 4.Nxd4 g6 5.Nc3 Bg7 6.Be3 Nf6 7.Qd2 O-O 8.O-O-O
Re8 9.f3 a6 10.g4 b5 11.Bh6 Bh8 12.h4 b4 13.Nd5 c5 14.Nf5 Nxd5 15.Qxd5 Qf6
16.e5 Qxe5 17.Qxe5 Bxe5 18.Nxd6 Bxd6 19.Rxd6 Be6 20.h5 Nd7 21.hxg6 hxg6 
22.Bxa6 Ne5 23.Bg5 Kg7 24.Be3 Bc4 25.Bh6+ Kg8 26.Bg5 f6 27.Bxf6 Rxa6 28.
Rxa6 Bxa6 29.Rh8+ Kf7 30.Rxe8 Kxf6 31.a4 bxa3 32.bxa3 Bb7 33.f4 Nxg4 34.
Rb8 Be4 35.a4 Ne3 36.Re8 Kf5 37.a5 Kxf4 38.a6 Nc4 39.Rc8 g5 40.Rxc5 Nb6 
41.Rb5 Na8 42.Rb8 1/2-1/2

[Event "10th Lost Boys op"]
[Site "Amsterdam NED"]
[Date "2002.07.29"]
[Round "4.25"]
[White "Van der Elburg, Freddie"]
[Black "Van Haastert, Edwin"]
[Result "0-1"]
[WhiteElo "2275"]
[BlackElo "2427"]
[EventDate "2002.07.26"]
[PlyCount "48"]

1.c4 f5 2.g3 Nf6 3.Bg2 g6 4.Nc3 Bg7 5.d4 O-O 6.e3 d6 7.Nge2 Nc6 8.O-O Bd7 
9.b3 Rb8 10.Bb2 a6 11.Rc1 e5 12.a3 e4 13.b4 b5 14.cxb5 axb5 15.Qb3+ Kh8 
16.Nf4 Qe8 17.h4 h6 18.Nce2 g5 19.hxg5 hxg5 20.Nh3 Qh5 21.Rfe1 Rb7 22.Kf1 
Ne7 23.Nhg1 Ned5 24.g4 Nxg4 0-1

[Event "10th Lost Boys op"]
[Site "Amsterdam NED"]
[Date "2002.07.29"]
[Round "4.26"]
[White "Martinez Rodriguez, Pablo"]
[Black "Van der Werf, Mark"]
[Result "1/2-1/2"]
[WhiteElo "2222"]
[BlackElo "2422"]
[EventDate "2002.07.26"]
[PlyCount "155"]

1.d4 Nf6 2.c4 e6 3.Nf3 b6 4.g3 Bb7 5.Bg2 g6 6.O-O Bg7 7.Nc3 Ne4 8.Qc2 Nxc3
9.Qxc3 c5 10.Be3 O-O 11.Qd2 d6 12.Bh6 Nc6 13.Bxg7 Kxg7 14.Rfd1 Qf6 15.Ng5 
Rad8 16.Ne4 Qe7 17.d5 Nd4 18.e3 Nf5 19.Qc3+ e5 20.f4 f6 21.g4 Nh4 22.g5 
fxg5 23.Nxg5 Bc8 24.Rf1 Kg8 25.Rac1 Nxg2 26.Kxg2 e4 27.Rg1 h6 28.Nh3 Kh7 
29.Nf2 g5 30.Kh1 Rg8 31.fxg5 hxg5 32.Qc2 Bf5 33.Qe2 Rg6 34.Rg3 Kg7 35.Rcg1
Rh8 36.b3 Kf8 37.Ng4 Ke8 38.Qb2 Qg7 39.Qxg7 Rxg7 40.Nf2 Rh5 41.R1g2 Kf7 
42.Kg1 Kf6 43.Nd1 a6 44.Nc3 Rh8 45.a4 Re8 46.Rf2 Kg6 47.Rfg2 Kh5 48.Rf2 
Re5 49.Rfg2 Rg6 50.Rf2 Kh6 51.Rfg2 Bd7 52.Rf2 Kg7 53.Rfg2 Kf7 54.Rf2+ Ke7 
55.Rgg2 Rh6 56.Rg3 Bh3 57.Kh1 Rh4 58.Kg1 Bg4 59.Ra2 Kf6 60.a5 bxa5 61.Rxa5
Bc8 62.Na4 Rh7 63.Nb6 Bb7 64.Ra2 Ke7 65.Rag2 Kf6 66.Rg4 a5 67.Ra2 Re8 68.
Rxa5 Kf5 69.Rg3 Bc8 70.Ra2 Rb7 71.Rf2+ Kg6 72.Nxc8 Rxc8 73.h4 Rxb3 74.
Rxg5+ Kh6 75.Rf6+ Kh7 76.Rf7+ Kh6 77.Rf6+ Kh7 78.Rf7+ 1/2-1/2

[Event "10th Lost Boys op"]
[Site "Amsterdam NED"]
[Date "2002.07.29"]
[Round "4.27"]
[White "Tan, Kevin"]
[Black "Wegerle, Jorg"]
[Result "1/2-1/2"]
[WhiteElo "2165"]
[BlackElo "2365"]
[EventDate "2002.07.26"]
[PlyCount "117"]

1.e4 e6 2.d4 d5 3.Nc3 Bb4 4.e5 c5 5.a3 Bxc3+ 6.bxc3 Ne7 7.Nf3 Bd7 8.a4 Qa5
9.Bd2 c4 10.Qc1 Nbc6 11.Be2 O-O-O 12.Ng5 Rdf8 13.f4 f6 14.Nf3 Be8 15.O-O 
Bh5 16.h3 Bxf3 17.Bxf3 f5 18.Qa3 Qc7 19.a5 Kd7 20.Rfb1 Rb8 21.Rb5 a6 22.
Rbb1 Na7 23.g3 Nb5 24.Qa4 b6 25.Kf2 bxa5 26.Qxa5 Rb6 27.Qa4 Rhb8 28.Rg1 
Qc6 29.Ke3 Nc7 30.Qa3 Rb2 31.Rgc1 R2b7 32.Be1 Ra8 33.Rcb1 Rxb1 34.Rxb1 a5 
35.Ra1 Nb5 36.Qa4 Nc8 37.g4 Nb6 38.Qa2 a4 39.Qb1 g6 40.Qb4 Kc7 41.Qe7+ Qd7
42.Qc5+ Kb7 43.Bd2 Ra5 44.Qb4 Ka6 45.Bc1 Qd8 46.g5 Na7 47.Ba3 Nb5 48.Bc1 
h6 49.h4 h5 50.Kd2 Na7 51.Ba3 Nb5 52.Qf8 Qxf8 53.Bxf8 Nc7 54.Bb4 Rb5 55.
Bc5 Nd7 56.Rxa4+ Ra5 57.Rxa5+ Kxa5 58.Bd6 Ne8 59.Bb4+ 1/2-1/2

[Event "10th Lost Boys op"]
[Site "Amsterdam NED"]
[Date "2002.07.29"]
[Round "4.28"]
[White "Piasetski, Leon David"]
[Black "Van der Spek, Hein Piet"]
[Result "1-0"]
[WhiteElo "2350"]
[BlackElo "2243"]
[EventDate "2002.07.26"]
[PlyCount "79"]

1.b3 c5 2.Bb2 d6 3.f4 Nc6 4.Nf3 e6 5.e4 Nf6 6.Nc3 Be7 7.Bb5 Bd7 8.Bxc6 
Bxc6 9.Qe2 O-O 10.O-O Qd7 11.a4 b6 12.Rad1 Rac8 13.d4 cxd4 14.Nxd4 Qb7 15.
Rfe1 Rfd8 16.Rd3 d5 17.e5 Ne4 18.Qg4 Bc5 19.Nd1 b5 20.a5 b4 21.Ne3 Bb5 22.
Rdd1 Bd7 23.f5 exf5 24.Nexf5 Bxf5 25.Qxf5 Qd7 26.Qf4 Qe6 27.Kh1 Qg6 28.Re2
a6 29.Nf5 h6 30.Bd4 Kh7 31.Bxc5 Nc3 32.Re3 Rxc5 33.Rg3 Nxd1 34.Rxg6 fxg6 
35.Nxg7 Rd7 36.Ne6 Re7 37.Nxc5 Nc3 38.Qf6 Rg7 39.e6 Ne4 40.Nxe4 1-0

[Event "10th Lost Boys op"]
[Site "Amsterdam NED"]
[Date "2002.07.29"]
[Round "4.29"]
[White "Geirnaert, Steven"]
[Black "Strating, Sybolt"]
[Result "1-0"]
[WhiteElo "2160"]
[BlackElo "2341"]
[EventDate "2002.07.26"]
[PlyCount "67"]

1.e4 c6 2.d4 d5 3.exd5 cxd5 4.c4 Nf6 5.Nc3 e6 6.Nf3 Bb4 7.cxd5 Nxd5 8.Qc2 
Nc6 9.Be2 O-O 10.O-O Re8 11.Rd1 Bf8 12.a3 Bd7 13.Bd3 g6 14.h4 Qa5 15.Bd2 
Nce7 16.Ne5 Bc6 17.Ne4 Qa4 18.Nd6 Nf5 19.Nxe8 Qxc2 20.Bxc2 Nxd4 21.Nxc6 
Nxc2 22.Rac1 bxc6 23.Rxc2 c5 24.b4 cxb4 25.Nc7 Rc8 26.Nxd5 Rxc2 27.Nxb4 
Rc4 28.Bg5 a5 29.Rd8 Kg7 30.Nd3 Bxa3 31.Rd7 Rc8 32.Ne5 Rf8 33.Ng4 Kg8 34.
Bh6 1-0

[Event "10th Lost Boys op"]
[Site "Amsterdam NED"]
[Date "2002.07.29"]
[Round "4.30"]
[White "Klinova, Masha"]
[Black "Vogel, Jaap"]
[Result "1-0"]
[WhiteElo "2407"]
[BlackElo "2266"]
[EventDate "2002.07.26"]
[PlyCount "95"]

1.e4 e6 2.d3 d5 3.Nd2 Nf6 4.Ngf3 Be7 5.c3 c5 6.g3 Nc6 7.Bg2 b6 8.O-O Bb7 
9.Re1 h6 10.a3 a5 11.Qa4 Qd7 12.Qc2 Qc7 13.Nf1 O-O 14.e5 Nd7 15.Qe2 d4 16.
c4 a4 17.h4 Na5 18.Bf4 Nb3 19.Rab1 Rfd8 20.g4 Nf8 21.h5 Nh7 22.Ng3 b5 23.
cxb5 c4 24.Qc2 Rac8 25.Ne4 Qa5 26.Nfd2 Nxd2 27.Nxd2 Bxg2 28.Kxg2 Bg5 29.
Bxg5 Nxg5 30.dxc4 Qxb5 31.Qd3 Qc6+ 32.Kg3 Rb8 33.f4 Nh7 34.b4 axb3 35.Rxb3
Rxb3 36.Nxb3 f6 37.Nd2 fxe5 38.Rxe5 Nf6 39.Qf3 Qa6 40.a4 Nd7 41.Rb5 Qxa4 
42.Qe4 Nf8 43.Rb7 Qa3+ 44.Nf3 Qd6 45.Qe5 Qxe5 46.Nxe5 d3 47.Rb1 Nd7 48.
Nxd3 1-0

[Event "10th Lost Boys op"]
[Site "Amsterdam NED"]
[Date "2002.07.29"]
[Round "4.31"]
[White "Wiersma, Eelke"]
[Black "Giddins, Stephen"]
[Result "1/2-1/2"]
[WhiteElo "2382"]
[BlackElo "2249"]
[EventDate "2002.07.26"]
[PlyCount "49"]

1.e4 c5 2.Nf3 Nc6 3.d4 cxd4 4.Nxd4 Nf6 5.Nc3 e5 6.Ndb5 d6 7.Nd5 Nxd5 8.
exd5 Nb8 9.c4 a6 10.Nc3 Be7 11.Be2 O-O 12.O-O f5 13.f4 Bf6 14.g3 Nd7 15.
Kh1 Qe7 16.Qc2 g6 17.Bd2 Qg7 18.Rac1 b6 19.Bf3 Bb7 20.b4 Rac8 21.Qb3 Rfe8 
22.Bg2 Rc7 23.Rfe1 Rec8 24.Ne2 Kh8 25.Qd3 1/2-1/2

[Event "10th Lost Boys op"]
[Site "Amsterdam NED"]
[Date "2002.07.29"]
[Round "4.32"]
[White "Happel, Hendrik"]
[Black "Roobol, Martin"]
[Result "0-1"]
[WhiteElo "2254"]
[BlackElo "2338"]
[EventDate "2002.07.26"]
[PlyCount "70"]

1.d4 Nf6 2.c4 c5 3.d5 e6 4.Nc3 exd5 5.cxd5 d6 6.e4 g6 7.f4 Bg7 8.Bb5+ Nfd7
9.Nf3 a6 10.Bd3 b5 11.O-O O-O 12.a4 b4 13.Ne2 a5 14.Ra2 Re8 15.Ng3 Ba6 16.
b3 Nb6 17.Bb2 Bxb2 18.Rxb2 c4 19.bxc4 Nxc4 20.Bxc4 Bxc4 21.Rff2 Nd7 22.Qd4
Rc8 23.Rbc2 Ba6 24.Rc6 Nb8 25.Rxc8 Qxc8 26.f5 Qc1+ 27.Nf1 Nd7 28.fxg6 hxg6
29.Qa7 Bxf1 30.Rxf1 Qc5+ 31.Qxc5 Nxc5 32.Nd4 Rxe4 33.Nb5 b3 34.Nxd6 Rxa4 
35.Rb1 b2 0-1

[Event "10th Lost Boys op"]
[Site "Amsterdam NED"]
[Date "2002.07.29"]
[Round "4.33"]
[White "Bachofner, Andreas"]
[Black "Boersma, Jan"]
[Result "1/2-1/2"]
[WhiteElo "2327"]
[BlackElo "2230"]
[EventDate "2002.07.26"]
[PlyCount "74"]

1.Nf3 Nf6 2.b3 g6 3.Bb2 Bg7 4.e3 d6 5.d4 O-O 6.Be2 e5 7.c4 Re8 8.Nc3 e4 9.
Nd2 h5 10.h3 h4 11.Qc2 Nc6 12.a3 Bf5 13.O-O-O Nxd4 14.exd4 e3 15.Bd3 Bxd3 
16.Qxd3 exd2+ 17.Qxd2 Ne4 18.Nxe4 Rxe4 19.Rhe1 Qe7 20.Rxe4 Qxe4 21.f3 Qf5 
22.Bc3 Re8 23.Re1 Rxe1+ 24.Qxe1 Bf6 25.Kb2 d5 26.Qe3 c6 27.a4 Kg7 28.Bd2 
a6 29.c5 Qe6 30.Kc3 Qxe3+ 31.Bxe3 Kf8 32.b4 Ke8 33.b5 axb5 34.axb5 Kd7 35.
Kb4 Bd8 36.Bf4 Bf6 37.Be3 Bd8 1/2-1/2

[Event "10th Lost Boys op"]
[Site "Amsterdam NED"]
[Date "2002.07.29"]
[Round "4.35"]
[White "Dambacher, Martijn"]
[Black "Leuw, Micha"]
[Result "1-0"]
[WhiteElo "2297"]
[BlackElo "2220"]
[EventDate "2002.07.26"]
[PlyCount "65"]

1.e4 d6 2.d4 Nf6 3.Nc3 g6 4.g3 Bg7 5.Bg2 O-O 6.Nge2 e5 7.h3 Nc6 8.Be3 exd4
9.Nxd4 Nxd4 10.Bxd4 Bd7 11.O-O Bc6 12.Re1 Nd7 13.Re3 Re8 14.Bxg7 Kxg7 15.
Qe2 Qf6 16.f4 Re7 17.Rd1 Rae8 18.b4 Nb6 19.b5 Bd7 20.a4 Qe6 21.e5 Qc4 22.
a5 Qxe2 23.Rxe2 Nc4 24.Nd5 Bxb5 25.Nxe7 Nb2 26.c4 Nxd1 27.cxb5 Rxe7 28.
exd6 Rd7 29.Re7 Rxd6 30.Rxc7 b6 31.a6 Rd2 32.Rxa7 Nc3 33.Re7 1-0

[Event "10th Lost Boys op"]
[Site "Amsterdam NED"]
[Date "2002.07.29"]
[Round "4.36"]
[White "Span, Paul"]
[Black "Muhren, Willem"]
[Result "1/2-1/2"]
[WhiteElo "2294"]
[BlackElo "2182"]
[EventDate "2002.07.26"]
[PlyCount "103"]

1.e4 c5 2.c3 b6 3.d4 Bb7 4.Bd3 Nf6 5.Nd2 cxd4 6.cxd4 Nc6 7.Ne2 Nb4 8.Bb1 
Ba6 9.Nf3 Qc8 10.Nc3 e6 11.a3 Nc6 12.Bg5 Na5 13.e5 Nd5 14.Nxd5 exd5 15.Bd3
Bxd3 16.Qxd3 Qc4 17.Qe3 h6 18.Bf4 Nb3 19.Rd1 a5 20.Nd2 Nxd2 21.Kxd2 Qb5 
22.Rb1 Be7 23.Rhc1 O-O 24.Rc2 Rfc8 25.Rbc1 Rc6 26.Qd3 Qxd3+ 27.Kxd3 Rac8 
28.a4 Kf8 29.Be3 h5 30.f4 Rxc2 31.Rxc2 Rxc2 32.Kxc2 g6 33.g3 Kg7 34.h3 f5 
35.exf6+ Kxf6 36.g4 hxg4 37.hxg4 Bd6 38.Kd3 Bc7 39.Bd2 Bd6 40.Ke3 Bf8 41.
Be1 g5 42.Bg3 d6 43.Kf3 Be7 44.Kg2 Kg6 45.fxg5 Bf8 46.Bf4 Be7 47.Kf3 Bf8 
48.Bd2 Be7 49.b3 Bd8 50.b4 Bc7 51.Kg3 Bd8 52.Kf3 1/2-1/2

[Event "10th Lost Boys op"]
[Site "Amsterdam NED"]
[Date "2002.07.29"]
[Round "4.37"]
[White "Helvensteijn, Dennis"]
[Black "Prakken, Gerrit"]
[Result "0-1"]
[WhiteElo "2242"]
[BlackElo "2290"]
[EventDate "2002.07.26"]
[PlyCount "70"]

1.e4 e5 2.Nf3 Nc6 3.d4 exd4 4.Bc4 Nf6 5.O-O Nxe4 6.Re1 d5 7.Bxd5 Qxd5 8.
Nc3 Qh5 9.Nxe4 Be6 10.Bg5 h6 11.Bf6 Qg6 12.Nh4 Qg4 13.Qd3 a6 14.h3 Qh5 15.
f4 Qb5 16.Qf3 gxf6 17.f5 O-O-O 18.fxe6 f5 19.Nf2 fxe6 20.Ng6 Rg8 21.Rxe6 
Bd6 22.Nd3 f4 23.Ngxf4 Qg5 24.Nd5 Rdf8 25.Rf6 Ne5 26.Nxe5 Qxe5 27.Rf1 Qh2+
28.Kf2 Re8 29.Rxd6 Qxd6 30.Kg1 Ref8 31.Nf6 Kb8 32.Nxg8 Rxf3 33.Rxf3 b6 34.
Rf6 Qg3 35.Nxh6 Qe1+ 0-1

[Event "10th Lost Boys op"]
[Site "Amsterdam NED"]
[Date "2002.07.29"]
[Round "4.38"]
[White "De Roda Husman, Juan"]
[Black "Bakker, Sven"]
[Result "0-1"]
[WhiteElo "2281"]
[BlackElo "2149"]
[EventDate "2002.07.26"]
[PlyCount "62"]

1.e4 c6 2.d4 d5 3.Nd2 dxe4 4.Nxe4 Bf5 5.Ng3 Bg6 6.Nf3 Nf6 7.h4 h6 8.h5 Bh7
9.Bd3 Bxd3 10.Qxd3 e6 11.Bf4 Bd6 12.Ne5 Qc7 13.O-O-O Nbd7 14.Rhe1 Nd5 15.
Bd2 Nxe5 16.dxe5 Bxe5 17.c4 Nf4 18.Qf3 O-O-O 19.Re3 Rd4 20.b3 Rhd8 21.Kc2 
Qd6 22.Ne4 Qa3 23.Nc3 Nd3 24.Rxd3 Rxd3 25.Qxd3 Rxd3 26.Kxd3 Bxc3 27.Kxc3 
Qxa2 28.g4 Qa5+ 29.Kd3 Qd8+ 30.Ke2 Qd4 31.f3 Qb2 0-1

[Event "10th Lost Boys op"]
[Site "Amsterdam NED"]
[Date "2002.07.29"]
[Round "4.39"]
[White "Nicolai, Erik"]
[Black "Willemsen, Jos"]
[Result "1/2-1/2"]
[WhiteElo "2238"]
[BlackElo "2280"]
[EventDate "2002.07.26"]
[PlyCount "95"]

1.Nf3 c5 2.c4 Nc6 3.g3 g6 4.Bg2 d6 5.O-O Bg7 6.Nc3 Nf6 7.d4 cxd4 8.Nxd4 
Bd7 9.b3 O-O 10.Bb2 Nxd4 11.Qxd4 Bc6 12.Nd5 Nh5 13.Qd2 e6 14.Bxg7 Nxg7 15.
Nc3 Bxg2 16.Kxg2 Qa5 17.Rfd1 Rfd8 18.Ne4 Qe5 19.Qd4 Nf5 20.Qxe5 dxe5 21.e3
Ne7 22.Kf1 Nc6 23.Ke2 Kf8 24.Rxd8+ Rxd8 25.Rd1 Rxd1 26.Kxd1 Ke7 27.Kd2 f5 
28.Nc5 b6 29.Nd3 e4 30.Ne1 Ne5 31.h3 Kd6 32.Kc3 g5 33.b4 g4 34.h4 Nf3 35.
Nc2 e5 36.a3 a6 37.a4 Kc6 38.b5+ axb5 39.axb5+ Kc5 40.Nb4 Ne1 41.Na6+ Kd6 
42.c5+ bxc5 43.Kc4 Nd3 44.b6 Kc6 45.b7 Kxb7 46.Nxc5+ Kc6 47.Nxd3 exd3 48.
Kxd3 1/2-1/2